000 00259nam a22001097a 4500
008 170123b xxu||||| |||| 00| 0 eng d
020 _a0781780551
041 _aeng
080 _a618.2
245 _aMATERNITY AND PEDIATRIC NURSING
_cRICCI, S.S
942 _2udc
_cBK
999 _c3339
_d3339